000 00332nam a2200133Ia 4500
008 191201s2008 xx 000 0 und d
100 _aSEN,Simantee
245 0 _aChanging Role of Top Management in the Era of Globalization
250 _a1st
260 _aHyderabad
_bIUP
_c2008
300 _a203
650 _aMBA
942 _2ddc
_cBK
999 _c4725
_d4725